000 00449nam a2200181Ia 4500
005 20240823032743.0
008 240823s9999||||xx |||||||||||||| ||und||
020 _a978-81-7319-965-3
041 _aENGLISH
082 _A621.9 Q2
100 _a"Ramamurti,V"
245 0 _aFinite Element Method in Machine Design
250 _aIst
260 _c2012
_bNarosa New Delhi
500 _aYES
650 _aMachine Design
_bMechanical
942 _cBK
999 _c194174
_d194174